000 00330nas a2200121 4500
005 20211118151709.0
008 211118b ||||| |||| 00| 0 eng d
022 _a2456-8937
040 _c
245 _aAsian journal of organic & medicinal chemistry
260 _aAsian Publication Corporation
_bOct-Dec 2020
942 _2ddc
_cPR
999 _c220686
_d220686